Представление документа в формате RUSMARC

ПолеНазваниеЗначение
  Тип записи a
  Библиографический уровень m
001 Контрольный номер UONB/MAIN/ae0ec6371027439c9cac8bb99ced2a89
005 Дата корректировки 20260428161706.8
100 Данные общей обработки __
a Данные общей обработки 20260428d1974 u y0rusy0189 ca
101 Язык документа 0_
a Язык текста rus
102 Страна публикации __
a Страна публикации RU
105 Кодированные данные (монография) __
a Кодированные данные (монография) y z 000yy
200 Заглавие и сведения об ответственности 1_
a Заглавие История науки и техники
e Сведения, относящиеся к заглавию учебное пособие
f Первые сведения об ответственности С. В. Шухардин
g Последующие сведения об ответственности под редакцией А. А. Кузина
203 Вид содержания и тип средства __
a Вид содержания Текст
b Характеристика содержания визуальный
c Тип средства непосредственный
210 Выходные данные 1_
a Место издания Москва
c Издательство [б. и.]
d Дата издания 1974-
215 Физическое описание __
d Формат 20 см
700 Автор _1
a Фамилия Шухардин
b Имя (инициалы) С. В.
g Полное личное имя Семен Викторович
702 Вторичная интеллектуальная ответственность _1
a Фамилия Кузин
b Имя (инициалы) А. А.
4 Код отношения 340
712 Наименование организации (Вторичная ответственность) 02
a Организация/ юрисдикция Министерство высшего и среднего образования РСФСР
b Другие уровни Московский государственный историко-архивный институт
4 Код отношения 570
801 Источник записи _0
a Страна RU
b Организация Ульяновская ОНБ
c Дата составления 20260428
g Правила каталогизации RCR
801 Источник записи _1
a Страна RU
b Организация Ульяновская ОНБ
c Дата составления 20260428
g Правила каталогизации RCR
901 Тип документа __
t Тип документа v
909 Создатель записи __
a Создатель записи Оргеткина
b Дата создания записи 20260428